| 000 | 00708nam a2200229 a 4500 | ||
|---|---|---|---|
| 005 | 20240809063801.0 | ||
| 008 | 030514s1998 es r 000 0 spa d | ||
| 020 | _a842722057X | ||
| 035 | _aUPN01000124157 | ||
| 049 | _aI | ||
| 050 | 4 |
_aRA784 _bA7.3 |
|
| 100 | 1 |
_aArnold, Nick, _d1961- _931191 |
|
| 245 | 1 | 0 |
_aEsa repugnante digestión / _cNick Arnold ; il. de Tony de Saules ; tr. Conchita Peraire del Molino. |
| 260 |
_aBarcelona, Esp. : _bMolino, _c1998. |
||
| 300 |
_a156 p. : _bil. |
||
| 440 | 0 |
_aEsa horrible ciencia ; _v7 |
|
| 534 |
_pTraducción de: _tDisgsting digestion |
||
| 650 | 4 |
_aNutrición _92193 |
|
| 650 | 4 |
_aDIGESTION _912299 |
|
| 650 | 4 |
_aLiteratura juvenil _95153 |
|
| 905 | _aInfantil | ||
| 999 |
_c96336 _d96336 |
||